000 00636nam a2200217Ia 4500
001 15388
003 GE_BSU
008 181216s||||||||xx |||||||||||||| ||und||
040 _cGE_BSU
080 _a821.353.1-31
100 _aქუთათელი, ა.
245 _aთხზულებანი 4 ტომად. ტ.2 პირისპირ
245 _bრომანი
260 _aთბილისი
260 _bსაბჭოთა საქართველო
260 _c1972
300 _a557გვ.20სმ.
653 _aპირისპირ
653 _aრომანი.
942 _cBK
999 _c48493
_d48493